Teaching sport concepts and skills : (Record no. 9700)

MARC details
000 -LEADER
fixed length control field 02441cam a2200361 i 4500
001 - CONTROL NUMBER
control field 1145910370
003 - CONTROL NUMBER IDENTIFIER
control field OCoLC
005 - DATE AND TIME OF LATEST TRANSACTION
control field 20230825094843.0
008 - FIXED-LENGTH DATA ELEMENTS--GENERAL INFORMATION
fixed length control field 200319s2021 ilua b 000 0 eng
010 ## - LIBRARY OF CONGRESS CONTROL NUMBER
LC control number 2020011672
020 ## - INTERNATIONAL STANDARD BOOK NUMBER
International Standard Book Number 9781492590484
Qualifying information paperback
040 ## - CATALOGING SOURCE
Original cataloging agency DLC
Language of cataloging eng
Description conventions rda
Transcribing agency DLC
Modifying agency OCLCO
-- OCLCF
-- UKMGB
-- YDX
-- UtOrBLW
042 ## - AUTHENTICATION CODE
Authentication code pcc
050 00 - LIBRARY OF CONGRESS CALL NUMBER
Classification number GV361
Item number .M65 2021
082 00 - DEWEY DECIMAL CLASSIFICATION NUMBER
Classification number 796.07
Edition number 23
100 1# - MAIN ENTRY--PERSONAL NAME
Personal name Mitchell, Stephen A.,
Dates associated with a name 1959-
Relator term author.
Authority record control number or standard number http://id.loc.gov/authorities/names/n97009841
245 10 - TITLE STATEMENT
Title Teaching sport concepts and skills :
Remainder of title a tactical games approach /
Statement of responsibility, etc. Stephen A. Mitchell, PhD, Judith L. Oslin, PhD, Linda L. Griffin, PhD
250 ## - EDITION STATEMENT
Edition statement 4th edition
264 #1 - PRODUCTION, PUBLICATION, DISTRIBUTION, MANUFACTURE, AND COPYRIGHT NOTICE
Place of production, publication, distribution, manufacture Champaign, IL :
Name of producer, publisher, distributor, manufacturer Human Kinetics,
Date of production, publication, distribution, manufacture, or copyright notice [2021]
300 ## - PHYSICAL DESCRIPTION
Extent xi, 708 pages :
Other physical details illustrations ;
Dimensions 28 cm
336 ## - CONTENT TYPE
Content type term text
Content type code txt
Source rdacontent
337 ## - MEDIA TYPE
Media type term unmediated
Media type code n
Source rdamedia
338 ## - CARRIER TYPE
Carrier type term volume
Carrier type code nc
Source rdacarrier
504 ## - BIBLIOGRAPHY, ETC. NOTE
Bibliography, etc. note Includes bibliographical references
520 ## - SUMMARY, ETC.
Summary, etc. "This book is a blend of theory and practical application of the tactical games approach (also described as teaching games for understanding). Focusing on tactical awareness helps students develop problem-solving skills through game play. The tactical approach also allows teachers to individualize instruction for novice, developing, and advanced performers by either reducing or increasing the challenge of the tasks involved. Part I contains a thorough review of tactical games teaching and builds a sound conceptual understanding of the approach. Part II describes how elementary physical education teachers can use a conceptual approach to games teaching. Part III contains sport-specific chapters, including soccer, basketball, lacrosse, rugby, flag football, volleyball, badminton, tennis, softball, cricket, golf, and bowling"--
Assigning source Provided by publisher
650 #0 - SUBJECT ADDED ENTRY--TOPICAL TERM
Topical term or geographic name entry element Sports
General subdivision Study and teaching
Topical term or geographic name entry element Coaching (Athletics)
Authority record control number or standard number http://id.loc.gov/authorities/subjects/sh85027299
655 #7 - INDEX TERM--GENRE/FORM
Genre/form data or focus term Kent State University faculty publications.
Source of term local
700 1# - ADDED ENTRY--PERSONAL NAME
Personal name Oslin, Judith L.,
Dates associated with a name 1950-
Relator term author.
Authority record control number or standard number http://id.loc.gov/authorities/names/n97009842
Personal name Griffin, Linda L.,
Dates associated with a name 1954-
Relator term author.
Authority record control number or standard number http://id.loc.gov/authorities/names/n97009837
776 08 - ADDITIONAL PHYSICAL FORM ENTRY
Relationship information Online version:
Main entry heading Mitchell, Stephen A., 1959-
Title Teaching sport concepts and skills
Edition Fourth edition.
Place, publisher, and date of publication Champaign, IL : Human Kinetics, [2021]
International Standard Book Number 9781492590910
Record control number (DLC) 2020011673
942 ## - ADDED ENTRY ELEMENTS (KOHA)
Source of classification or shelving scheme Dewey Decimal Classification
Koha item type Main
Holdings
Withdrawn status Lost status Source of classification or shelving scheme Damaged status Not for loan Collection code Home library Current library Shelving location Date acquired Serial Enumeration / chronology Total Checkouts Total Renewals Full call number Barcode Date last seen Date last checked out Price effective from Koha item type
    Dewey Decimal Classification     Main TEST RTC Library RTC Library Main opac 25/08/2023 177872 2 2 796.07 MIT c.1 30019008 05/03/2026 26/02/2026 25/08/2023 Main
    Dewey Decimal Classification     Main TEST RTC Library RTC Library Main opac 25/08/2023 177871 1   796.07 MIT c.2 30019001 01/12/2025 28/11/2025 25/08/2023 Main
    Dewey Decimal Classification     Main TEST RTC Library RTC Library Main opac 25/08/2023 177870 2   796.07 MIT c.3 30018978 18/03/2026 04/03/2026 25/08/2023 Main
    Dewey Decimal Classification     Main TEST RTC Library RTC Library Main opac 25/08/2023 177869 1   796.07 MIT c.4 30018875 16/08/2024 16/08/2024 25/08/2023 Main
Royal Thimphu College || All Right Reserved